000 00811nam a22002177a 4500
008 160927b xxu||||| |||| 00| 0 eng d
020 _a9780124077805
082 _22015
_aDC 363.2320973
_bK58
100 _915316
_aKirchner, Richard Jr.
245 _aSurveillance and threat detection:
_bprevention versus mitigation/
_cRichard Kirchner Jr.
260 _aAmsterdam:
_bButterworth-Heinemann,
_cc2015.
300 _a253 pages:
_billustrations;
_c24 cm.
500 _aIncludes glossary and index.
650 0 _915317
_aCrime prevention
_zUnited States.
650 0 _915318
_aTerrorism
_xPrevention
_zUnited States
650 0 _915319
_aSurveillance detection
650 0 _915320
_aNational security
_zUnited States
650 0 _915321
_aInternal security
_zUnited States
365 _b5,876.00
_cPhp.
942 _2ddc
_cDC
999 _c4862
_d4862